Prevención escolar de las adicciones: actualización del profesorado en drogodependencias.
Kaydedildi:
| Yazar: | |
|---|---|
| Materyal Türü: | Kitap |
| Dil: | İngilizce |
| Baskı/Yayın Bilgisi: |
Jaén, España:
Formación Alcalá,
2006.
|
| Edisyon: | 2ª edición. |
| Seri Bilgileri: | Serie educación.
|
| Etiketler: |
Etiketle
Etiket eklenmemiş, İlk siz ekleyin!
|
MARC
| LEADER | 00000nam a22000007a 4500 | ||
|---|---|---|---|
| 003 | CL-VaPUC | ||
| 005 | 20220607114337.0 | ||
| 008 | 220523b2006 ||||| |||| 00| 0 eng d | ||
| 999 | |c 435685 |d 435683 | ||
| 020 | |a 84-85539-20-6 | ||
| 040 | |c Pontificia Universidad Católica de Valparaíso | ||
| 082 | 7 | |a 362.29 RUI 2006 |2 22 | |
| 100 | 1 | |a Ruíz Osuna, María del Carmen |e autora |9 869623 | |
| 245 | |a Prevención escolar de las adicciones: |b actualización del profesorado en drogodependencias. | ||
| 250 | |a 2ª edición. |b Actualizada y ampliada. | ||
| 260 | |a Jaén, España: |b Formación Alcalá, |c 2006. | ||
| 300 | |a 440 páginas . | ||
| 490 | |a Serie educación. | ||
| 500 | |a c.1. Comodato-SENDA. | ||
| 583 | |c 20220523 |k Cristina María Rojas Aguilar | ||
| 654 | |a Consumo de drogas |x Prevención |x Escolares | ||
| 654 | |a Drogodepencia |x Escolares | ||
| 942 | |2 ddc |c BK | ||
| 952 | |0 0 |1 0 |2 ddc |4 0 |6 362_290000000000000_RUI_2006 |7 0 |8 C_SENDA |9 583209 |a BIBEDU |b BIBEDU |c ES_NOD |d 2022-05-23 |e Comodato-SENDA |i 5651345 |o 362.29 RUI 2006 |p 5651345 |r 2023-08-09 |t 1 |w 2022-05-23 |x 07515005101 |y BK |k BME | ||